00622nam a22002057a 450000500170000001000280001702000260004503500170007103500130008803700190010108200060012010000160012624500900014226000430023227000540027530000340032950000130036370000190037670000210039520190816154540.0 a1819CHEN B-719448-468 a9788180222351c249.00 aB-719448-468 aB-728614 adplbBlueberry aS aGrimm,Jacob aThe frog prince /cby Jacob Grimm [and] Wilhelm Grimm ; illustrated by Niharika Singh bPriority Publicationsc2017aNew Delhi a4325/3, Ansari Road, DaryaganjbNew Delhie110002 aunpaged:bcol. ill.c30cm(Hb) aAirport  aGrimm, Wilhelm aSingh, Niharika